Представление документа в формате RUSMARC

ПолеНазваниеЗначение
  Тип записи a
  Библиографический уровень m
001 Контрольный номер RU/УГОНБ/EK/68170
005 Дата корректировки 20260408124749.7
010 Индекс ISBN __
a ISBN 5-319-00626-8
d Цена 75 к.
9 Тираж 15000 экз.
100 Данные общей обработки __
a Данные общей обработки 20260408d1990 u u0rusy0189 ca
101 Язык документа 0_
a Язык текста rus
102 Страна публикации __
a Страна публикации RU
105 Кодированные данные (монография) __
a Кодированные данные (монография) a z 000yy
200 Заглавие и сведения об ответственности 1_
a Заглавие Гитлеризм в истории евреев
f Первые сведения об ответственности Ю. А. Шульмейстер
203 Вид содержания и тип средства __
a Вид содержания Текст
b Характеристика содержания визуальный
c Тип средства непосредственный
210 Выходные данные 1_
a Место издания Киев
c Издательство Политиздат Украины
d Дата издания 1990
215 Физическое описание __
a Объем 253, [2] с.
c Иллюстрации/тип воспроизводства ил., 16 л. ил.
d Формат 21 см
606 Тематические рубрики 0_
a Основная рубрика Преступления против человечества
606 Тематические рубрики 0_
a Основная рубрика Германский фашизм
x Основная подрубрика История
606 Тематические рубрики 0_
a Основная рубрика Евреи во Второй мировой войне 1939-1945 гг
610 Ключевые слова 0_
a Ключевые слова евреи; Вторая мировая война 1939-1945 гг.; германский фашизм; история германского фашизма; преступления против человечества
686 Индексы других классификаций __
a Классификационный индекс 63.3(0)628.3
2 Код системы rubbk
700 Автор _1
a Фамилия Шульмейстер
b Имя (инициалы) Ю. А.
g Полное личное имя Юлиан Александрович
801 Источник записи _0
a Страна RU
b Организация Ульяновская ОНБ
c Дата составления 20260408
g Правила каталогизации RCR
801 Источник записи _1
a Страна RU
b Организация Ульяновская ОНБ
c Дата составления 20260408
g Правила каталогизации RCR
901 Тип документа __
t Тип документа m
909 Создатель записи __
a Создатель записи Горбункова
b Дата создания записи 20260408